<?xml version="1.0" encoding="UTF-8"?>
<marc:record xmlns:marc="http://www.loc.gov/MARC21/slim">
   <marc:leader>00000nam a2200000 a 4500</marc:leader>
   <marc:datafield ind1="1" ind2=" " tag="100">
      <marc:subfield code="a">Olafsson, Ragnar Helgi</marc:subfield>
      <marc:subfield code="4">aut</marc:subfield>
      <marc:subfield code="e">Verfasser/-in</marc:subfield>
   </marc:datafield>
   <marc:datafield ind1="1" ind2=" " tag="100">
      <marc:subfield code="a">Gislason, Jon Thor</marc:subfield>
      <marc:subfield code="4">trl</marc:subfield>
      <marc:subfield code="e">Übersetzer/-in</marc:subfield>
   </marc:datafield>
   <marc:datafield ind1="1" ind2=" " tag="100">
      <marc:subfield code="a">Schiffer, Wolfgang</marc:subfield>
      <marc:subfield code="4">trl</marc:subfield>
      <marc:subfield code="e">Übersetzer/-in</marc:subfield>
   </marc:datafield>
   <marc:datafield ind1="0" ind2="0" tag="245">
      <marc:subfield code="a">Handbuch des Erinnerns und Vergessens</marc:subfield>
   </marc:datafield>
   <marc:datafield ind1="0" ind2="0" tag="245">
      <marc:subfield code="c">Ragnar Helgi Olafsson. Aus dem Isländ. übertr. von Jon Thor Gislason und Wolfgang Schiffer</marc:subfield>
   </marc:datafield>
   <marc:datafield ind1=" " ind2="1" tag="264">
      <marc:subfield code="a">Nettetal</marc:subfield>
      <marc:subfield code="b">Elif</marc:subfield>
      <marc:subfield code="c">2020</marc:subfield>
   </marc:datafield>
   <marc:datafield ind1="1" ind2=" " tag="520">
      <marc:subfield code="a">Im Handbuch des Erinnerns und Vergessens fließen Humor und Philosophie, der Wunsch nach sprachlicher Schönheit und erzählerische Freude im ursprünglichen Geist zusammen. Ganz gleich, ob die Geschichten vom Fluchtversuch eines Jungen vom Land erzählen, vom Streit in einer Eigentümergemeinschaft, von Atombomben oder Ingwer-Wurzeln, von der Korrespondenz eines Liebenden, der Nationalbibliothek Argentiniens oder den Straßen von Islands Hauptstadt Reykjavík, sie verblüffen mit Pointen und Erkenntnissen, reich an universalem Wissen und überbordender Vorstellungskraft. Dies ist ein Buch, das der Leser nicht so leicht vergessen wird. Mehr von Ragnar Helgi Ólafsson im ELIF VERLAG Denen zum Trost, die sich in ihrer Gegenwart nicht finden können Lieder und Texte</marc:subfield>
   </marc:datafield>
   <marc:datafield ind1=" " ind2=" " tag="020">
      <marc:subfield code="a">9783946989264</marc:subfield>
      <marc:subfield code="9">9783946989264</marc:subfield>
   </marc:datafield>
   <marc:datafield ind1=" " ind2=" " tag="020">
      <marc:subfield code="a">3946989268</marc:subfield>
      <marc:subfield code="9">3946989268</marc:subfield>
   </marc:datafield>
   <marc:datafield ind1=" " ind2=" " tag="300">
      <marc:subfield code="a">189 S.</marc:subfield>
   </marc:datafield>
</marc:record>
